LIBRARY & INFORMATION CENTRE, KCAET, TAVANUR

ONLINE PUBLIC ACCESS CATALOGUE (OPAC)

Steel tables ( metric units) (Record no. 4582)

MARC details
000 -LEADER
fixed length control field 00316cam a2200133ua 4500
003 - CONTROL NUMBER IDENTIFIER
control field OSt
008 - FIXED-LENGTH DATA ELEMENTS--GENERAL INFORMATION
fixed length control field 231116b |||||||| |||| 00| 0 eng d
041 ## - LANGUAGE CODE
Language code of text/sound track or separate title eng
082 ## - DEWEY DECIMAL CLASSIFICATION NUMBER
Classification number 512
Item number TRI/ST
245 00 - TITLE STATEMENT
Title Steel tables ( metric units)
260 ## - PUBLICATION, DISTRIBUTION, ETC. (IMPRINT)
Place of publication Trivandrum :
Name of publisher The press ramser ,
Year of publication 1979.
300 ## - PHYSICAL DESCRIPTION
Number of Pages 20 ; .
942 ## - ADDED ENTRY ELEMENTS (KOHA)
Koha item type Books
Holdings
Withdrawn status Lost status Damaged status Home library Current library Date acquired Full call number Accession Number Koha item type
Withdrawn     KAUAET   07/04/2012 512 11375 Books
      KAUAET KAUAET 16/11/2023 512 TRI/ST 11359 Books
Withdrawn     KAUAET KAUAET 16/11/2023 512 TRI/ST 11360 Books
      KAUAET KAUAET 16/11/2023 512 TRI/ST 11361 Books
      KAUAET KAUAET 16/11/2023 512 TRI/ST 11362 Books
Withdrawn     KAUAET KAUAET 16/11/2023 512 TRI/ST 11363 Books
      KAUAET KAUAET 16/11/2023 512 TRI/ST 11364 Books
Withdrawn     KAUAET KAUAET 16/11/2023 512 TRI/ST 11365 Books
Withdrawn     KAUAET KAUAET 16/11/2023 512 TRI/ST 11366 Books
Withdrawn     KAUAET KAUAET 16/11/2023 512 TRI/ST 11367 Books
      KAUAET KAUAET 16/11/2023 512 TRI/ST 11368 Books
      KAUAET KAUAET 16/11/2023 512 TRI/ST 11369 Books
      KAUAET KAUAET 16/11/2023 512 TRI/ST 11370 Books
      KAUAET KAUAET 16/11/2023 512 TRI/ST 11371 Books
      KAUAET KAUAET 16/11/2023 512 TRI/ST 11372 Books
      KAUAET KAUAET 16/11/2023 512 TRI/ST 11373 Books
      KAUAET KAUAET 16/11/2023 512 TRI/ST 11374 Books
      KAUAET KAUAET 16/11/2023 512 TRI/ST 11376 Books
      KAUAET KAUAET 16/11/2023 512 TRI/ST 11377 Books
Withdrawn     KAUAET KAUAET 16/11/2023 512 TRI/ST 11378 Books
      KAUAET KAUAET 16/11/2023 512 TRI/ST 11379 Books
      KAUAET KAUAET 16/11/2023 512 TRI/ST 11380 Books
      KAUAET KAUAET 16/11/2023 512 TRI/ST 11381 Books
      KAUAET KAUAET 16/11/2023 512 TRI/ST 11382 Books
      KAUAET KAUAET 16/11/2023 512 TRI/ST 11383 Books
      KAUAET KAUAET 16/11/2023 512 TRI/ST 11384 Books
      KAUAET KAUAET 16/11/2023 512 TRI/ST 11385 Books
Withdrawn     KAUAET KAUAET 16/11/2023 512 TRI/ST 11386 Books
      KAUAET KAUAET 16/11/2023 512 TRI/ST 11387 Books
free website counter